01242nam a22001577a 4500020001800000082001500018100002200033245008500055260003600140300001400176504003700190520076300227650004100990650003201031650002101063 a9781666871272 a156bGRE-I aGreenwood, David  aImportances of Communication skills in personality Development/cDavid Greenwood aUSA:bAmerican Academic,c2024. aix, 290p. aInvludes Bibliography and Index. aPersonality and Communication Development covers a broad spectrum of personality constructs, covers theoretical and methodological frameworks, and spans the lifespan. The importance, necessity, and vitality of personality and communication development are highlighted in this work. The book presents strategies for understanding, enhancing, and developing the most sought-after quality of a person-their personality. Concise, clear, and persuasive language is used throughout the text. It covers a broad range of issues that affect humanity. But this book has discussed several elements that contribute to a better personality's growth. The book places a strong emphasis on issues that are essential reading for professionals, students, and aspiring managers aCommunication xPersonal Development aInterpersonal Communication aSelf-Development